Historic churches (Record no. 109102)
[ view plain ]
| 000 -LEADER | |
|---|---|
| fixed length control field | 01843cam a22004095a 4500 |
| 001 - CONTROL NUMBER | |
| control field | L146301 |
| 008 - FIXED-LENGTH DATA ELEMENTS--GENERAL INFORMATION | |
| fixed length control field | 090107s2008 xxko f 001 0 eng d |
| 020 ## - INTERNATIONAL STANDARD BOOK NUMBER | |
| International Standard Book Number | 9781900915489 |
| 035 ## - SYSTEM CONTROL NUMBER | |
| System control number | (Sirsi) u146301 |
| 041 0# - LANGUAGE CODE | |
| Language code of text/sound track or separate title | eng |
| 050 04 - LIBRARY OF CONGRESS CALL NUMBER | |
| Classification number | 690.241 $2 18 |
| 110 1# - MAIN ENTRY--CORPORATE NAME | |
| Corporate name or jurisdiction name as entry element | Cathedral Communications Limited |
| 9 (RLIN) | 3087 |
| 245 00 - TITLE STATEMENT | |
| Title | Historic churches |
| Remainder of title | the conservation and repair of ecclesiastical buildings |
| 250 ## - EDITION STATEMENT | |
| Edition statement | 15th ed. |
| 260 ## - PUBLICATION, DISTRIBUTION, ETC. | |
| Place of publication, distribution, etc. | Tisbury |
| Name of publisher, distributor, etc. | Cathedral Communications |
| Date of publication, distribution, etc. | 2008 |
| 300 ## - PHYSICAL DESCRIPTION | |
| Extent | 56p. |
| Other physical details | col. ill. |
| Dimensions | 30cm. |
| 490 #0 - SERIES STATEMENT | |
| Series statement | Building Conservation Directory Special Report |
| 505 2# - FORMATTED CONTENTS NOTE | |
| Formatted contents note | Loyd Grossman: body and soul -- Heritage inspired -- Church and community -- The tower of glass -- Repairing the nave clerestory at Rochester Cathedral -- Church wardens and church fabric -- Round tower churches -- Protecting your church from vandals -- Listed building protection -- Conserving and restoring church hatchments -- Organ builders and restorers map -- Survivors and exiles -- The Mausolea and Monuments Trust -- Useful addresses -- Products and services -- Index |
| 520 ## - SUMMARY, ETC. | |
| Summary, etc. | Discusses issues, building techniques and materials relevant to the conservation and repair of churches. Includes a directory of useful organisations, products and services. |
| 521 2# - TARGET AUDIENCE NOTE | |
| Target audience note | Advanced |
| 590 ## - LOCAL NOTE (RLIN) | |
| Local note | KA |
| 651 #4 - SUBJECT ADDED ENTRY--GEOGRAPHIC NAME | |
| Geographic name | United Kingdom |
| Chronological subdivision | |
| 690 ## - LOCAL SUBJECT ADDED ENTRY--TOPICAL TERM (OCLC, RLIN) | |
| Topical term or geographic name as entry element | BUILT ENVIRONMENT-BUILDING MAINTENANCE AND REFURBISHMENT-BUILDING RESTORATION |
| 700 1# - ADDED ENTRY--PERSONAL NAME | |
| Personal name | Arthur, Sarah |
| 700 1# - ADDED ENTRY--PERSONAL NAME | |
| Personal name | Male, Anthony |
| 700 1# - ADDED ENTRY--PERSONAL NAME | |
| Personal name | Gordon Bowe, Nicola |
| 700 1# - ADDED ENTRY--PERSONAL NAME | |
| Personal name | Stewart, Ian |
| 700 1# - ADDED ENTRY--PERSONAL NAME | |
| Personal name | Crofts, Sara |
| 700 1# - ADDED ENTRY--PERSONAL NAME | |
| Personal name | Hart, Stephen |
| 700 1# - ADDED ENTRY--PERSONAL NAME | |
| Personal name | Parkinson, David |
| 700 1# - ADDED ENTRY--PERSONAL NAME | |
| Personal name | Taylor, Jonathan |
| 700 1# - ADDED ENTRY--PERSONAL NAME | |
| Personal name | Downing, Francis |
| 700 1# - ADDED ENTRY--PERSONAL NAME | |
| Personal name | Gwynn, Dominic |
| 700 1# - ADDED ENTRY--PERSONAL NAME | |
| Personal name | Bowdler, Roger |
| 710 2# - ADDED ENTRY--CORPORATE NAME | |
| Corporate name or jurisdiction name as entry element | Building Conservation Directory |
| 9 (RLIN) | 3988 |
| 942 ## - ADDED ENTRY ELEMENTS (KOHA) | |
| Suppress in OPAC | 0 |
| Withdrawn status | Lost status | Source of classification or shelving scheme | Damaged status | Not for loan | Home library | Current library | Shelving location | Date acquired | Total Checkouts | Full call number | Barcode | Date last seen | Copy number | Price effective from | Koha item type |
|---|---|---|---|---|---|---|---|---|---|---|---|---|---|---|---|
| Dewey Decimal Classification | London | London | Folio | 06/11/2009 | F690.241 BUI | 30076555 | 06/08/2019 | 1 | 06/08/2019 | Book |